[Event "Wch Seniors 65 28th"]
[Site "Bled"]
[Date "2018.11.27"]
[Round "9"]
[White "Danielsson, Robert"]
[Black "Nickel, Arno"]
[Result "1/2-1/2"]
[WhiteElo "1968"]
[BlackElo "2100"]
[PlyCount "54"]
[EventDate "2018.11.18"]
[EventType "swiss"]
[EventRounds "11"]
[EventCountry "SLO"]
[SourceTitle "CBM 187 Extra"]
[Source "ChessBase"]
[SourceDate "2018.11.04"]
[SourceVersion "1"]
[SourceVersionDate "2018.11.04"]
[SourceQuality "1"]

1. d4 Nf6 2. c4 c5 3. Nf3 cxd4 4. Nxd4 e5 5. Nc2 d5 6. cxd5 Qxd5 7. Qxd5 Nxd5 8. e4 Nb4 9. Nxb4 Bxb4+ 10. Bd2 Bxd2+ 11. Nxd2 Ke7 12. Bc4 Nc6 13. Nb3 Rb8 14. a3 Rd8 15. Rd1 Rxd1+ 16. Kxd1 Bg4+ 17. f3 Rd8+ 18. Kc2 Bc8 19. Rd1 Rxd1 20. Kxd1 f6 21. Kd2 Kd6 22. Kc3 g5 23. Bb5 Ne7 24. Be8 Be6 25. Na5 Kc7 26. Nc4 a6 27. Ne3 Kd6 1/2-1/2

[Event "Wch Seniors 65 28th"]
[Site "Bled"]
[Date "2018.11.25"]
[Round "7"]
[White "Danielsson, Robert"]
[Black "Malmdin, Nils Ake"]
[Result "0-1"]
[WhiteElo "1968"]
[BlackElo "2126"]
[PlyCount "52"]
[EventDate "2018.11.18"]
[EventType "swiss"]
[EventRounds "11"]
[EventCountry "SLO"]
[SourceTitle "CBM 187 Extra"]
[Source "ChessBase"]
[SourceDate "2018.11.04"]
[SourceVersion "1"]
[SourceVersionDate "2018.11.04"]
[SourceQuality "1"]

1. d4 Nf6 2. c4 c5 3. Nf3 cxd4 4. Nxd4 e5 5. Nc2 b5 6. cxb5 Bb7 7. Bg5 a6 8. Nc3 axb5 9. e4 Qa5 10. Bxf6 gxf6 11. Qd2 b4 12. Nd5 Bxd5 13. Qxd5 Qxd5 14. exd5 Rg8 15. g3 Na6 16. Bxa6 Rxa6 17. Ke2 Bc5 18. f3 Ke7 19. Rhb1 Rga8 20. a3 bxa3 21. b4 a2 22. Rb2 Bb6 23. Kd3 f5 24. Kc4 Kd6 25. Kb3 e4 26. fxe4 fxe4 0-1

[Event "Wch Seniors 65 28th"]
[Site "Bled"]
[Date "2018.11.21"]
[Round "4"]
[White "Siegmund, Rainer"]
[Black "Danielsson, Robert"]
[Result "1/2-1/2"]
[WhiteElo "2102"]
[BlackElo "1968"]
[PlyCount "49"]
[EventDate "2018.11.18"]
[EventType "swiss"]
[EventRounds "11"]
[EventCountry "SLO"]
[SourceTitle "CBM 187 Extra"]
[Source "ChessBase"]
[SourceDate "2018.11.04"]
[SourceVersion "1"]
[SourceVersionDate "2018.11.04"]
[SourceQuality "1"]

1. d4 Nf6 2. c4 g6 3. Nc3 d5 4. Nf3 Bg7 5. Bg5 Ne4 6. Bh4 Nxc3 7. bxc3 dxc4 8. Qa4+ Qd7 9. Qxc4 b6 10. e3 Ba6 11. Qb3 Bxf1 12. Kxf1 0-0 13. Ke2 Nc6 14. Rhd1 Rfe8 15. Kf1 Na5 16. Qb4 Qd5 17. Kg1 e6 18. Bg3 Rac8 19. Qa4 Qc4 20. Qa3 Bf8 21. Qb2 f6 22. Rac1 Qa4 23. Qc2 Qxc2 24. Rxc2 Red8 25. Kf1 1/2-1/2

[Event "Aalborg Larsen Memorial"]
[Site "Aalborg"]
[Date "2018.10.18"]
[Round "6"]
[White "Jensen, Vagn"]
[Black "Danielsson, Robert"]
[Result "1-0"]
[WhiteElo "2172"]
[BlackElo "1973"]
[PlyCount "59"]
[EventDate "2018.10.13"]
[EventType "swiss"]
[EventRounds "7"]
[EventCountry "DEN"]
[SourceTitle "CBM 186 Extra"]
[Source "ChessBase"]
[SourceDate "2018.08.24"]
[SourceVersion "1"]
[SourceVersionDate "2018.08.24"]
[SourceQuality "1"]

1. e4 c5 2. Nf3 Nc6 3. d4 cxd4 4. Nxd4 g6 5. c4 Bg7 6. Be3 Nf6 7. Nc3 d6 8. Be2 0-0 9. 0-0 Bd7 10. f4 Nxd4 11. Bxd4 Bc6 12. Bf3 a5 13. b3 Nd7 14. Bxg7 Kxg7 15. Nd5 Bxd5 16. exd5 Qb6+ 17. Kh1 Qc5 18. Qd2 b5 19. cxb5 Qxb5 20. Rfe1 Rfe8 21. Rac1 Nc5 22. Rc4 a4 23. f5 axb3 24. Rh4 h5 25. Rxh5 bxa2 26. Qh6+ Kf6 27. Qg5+ Kg7 28. f6+ exf6 29. Qh6+ Kg8 30. Qh8# 1-0

[Event "Aalborg Larsen Memorial"]
[Site "Aalborg"]
[Date "2018.10.13"]
[Round "1"]
[White "Danielsson, Robert"]
[Black "Renman, Nils Gustaf"]
[Result "0-1"]
[WhiteElo "1973"]
[BlackElo "2349"]
[PlyCount "40"]
[EventDate "2018.10.13"]
[EventType "swiss"]
[EventRounds "7"]
[EventCountry "DEN"]
[SourceTitle "CBM 186 Extra"]
[Source "ChessBase"]
[SourceDate "2018.08.24"]
[SourceVersion "1"]
[SourceVersionDate "2018.08.24"]
[SourceQuality "1"]

1. d4 d5 2. c4 e6 3. Nc3 c6 4. Nf3 Nf6 5. Bg5 h6 6. Bxf6 Qxf6 7. e4 dxe4 8. Nxe4 Bb4+ 9. Ned2 0-0 10. a3 Ba5 11. b4 Bc7 12. Be2 Nd7 13. 0-0 Rd8 14. Qb3 e5 15. dxe5 Nxe5 16. Rad1 Bf5 17. Nb1 Bd3 18. Rxd3 Rxd3 19. Bxd3 Nxf3+ 20. Kh1 Nxh2 0-1

[Event "EU-ch Seniors 65 18th"]
[Site "Drammen"]
[Date "2018.08.12"]
[Round "9"]
[White "Danielsson, Robert"]
[Black "Goncharov, Viktor1111"]
[Result "0-1"]
[WhiteElo "1993"]
[BlackElo "2041"]
[PlyCount "82"]
[EventDate "2018.08.04"]
[EventType "swiss"]
[EventRounds "9"]
[EventCountry "NOR"]
[SourceTitle "CBM 186 Extra"]
[Source "ChessBase"]
[SourceDate "2018.08.24"]
[SourceVersion "1"]
[SourceVersionDate "2018.08.24"]
[SourceQuality "1"]

1. d4 Nf6 2. c4 e6 3. Nc3 Bb4 4. Qb3 Qe7 5. a3 Bxc3+ 6. Qxc3 b6 7. Bg5 Bb7 8. f3 c5 9. e3 h6 10. Bh4 d6 11. Bd3 Nbd7 12. Ne2 Rc8 13. b4 cxd4 14. exd4 0-0 15. 0-0 b5 16. Qb3 bxc4 17. Bxc4 Nb6 18. Bd3 Bd5 19. Qb2 Nc4 20. Bxc4 Bxc4 21. Rac1 g5 22. Bf2 Nd5 23. Rfe1 Bxe2 24. Rxe2 Nf4 25. Rd2 Qb7 26. Kh1 Qa6 27. Rxc8 Qf1+ 28. Bg1 Rxc8 29. Rf2 Qe1 30. Qd2 Rc1 31. Qxe1 Rxe1 32. g3 Ne2 33. Rg2 Nxd4 34. Rf2 Ne2 35. Rg2 Kf8 36. h4 Ke7 37. hxg5 hxg5 38. Kh2 Nxg1 39. Rxg1 Rxg1 40. Kxg1 Kd7 41. Kf2 Kc6 0-1

[Event "EU-ch Seniors 65 18th"]
[Site "Drammen"]
[Date "2018.08.05"]
[Round "2"]
[White "Svanholm, Borge Waaktaar"]
[Black "Danielsson, Robert"]
[Result "1/2-1/2"]
[WhiteElo "1862"]
[BlackElo "1993"]
[PlyCount "74"]
[EventDate "2018.08.04"]
[EventType "swiss"]
[EventRounds "9"]
[EventCountry "NOR"]
[SourceTitle "CBM 186 Extra"]
[Source "ChessBase"]
[SourceDate "2018.08.24"]
[SourceVersion "1"]
[SourceVersionDate "2018.08.24"]
[SourceQuality "1"]

1. c4 c5 2. Nf3 g6 3. d4 cxd4 4. Nxd4 Bg7 5. e4 Nc6 6. Be3 Nf6 7. Nc3 d6 8. Be2 0-0 9. 0-0 Bd7 10. f3 Nxd4 11. Bxd4 Bc6 12. Qd2 a5 13. b3 Nd7 14. Be3 Nc5 15. Rab1 Qb6 16. Rfd1 Rfc8 17. Kh1 Qd8 18. Bf1 Qf8 19. Bd3 h5 20. a3 Kh7 21. b4 axb4 22. axb4 Na4 23. Ne2 Bd7 24. Rdc1 Qh8 25. c5 dxc5 26. bxc5 Nb2 27. Bc4 Nxc4 28. Rxc4 Bc6 29. Qc2 Rd8 30. Kg1 Ra3 31. Bf4 Rda8 32. Qd2 Ra2 33. Rc2 Rxc2 34. Qxc2 Bd4+ 35. Nxd4 Qxd4+ 36. Qf2 Qd3 37. Rc1 Ra5 1/2-1/2

[Event "WchT Seniors 65"]
[Site "Hersonissos"]
[Date "2017.05.01"]
[Round "8.2"]
[White "Uddenfeldt, Dan"]
[Black "Danielsson, Robert"]
[Result "1/2-1/2"]
[WhiteElo "2359"]
[BlackElo "1967"]
[PlyCount "68"]
[EventDate "2017.04.24"]
[EventType "team-swiss"]
[EventRounds "9"]
[EventCountry "GRE"]
[SourceTitle "CBM 178 Extra"]
[Source "ChessBase"]
[SourceDate "2017.06.22"]
[SourceVersion "1"]
[SourceVersionDate "2017.06.22"]
[SourceQuality "1"]
[WhiteTeam "Sweden"]
[BlackTeam "Sweden III"]
[WhiteTeamCountry "SWE"]
[BlackTeamCountry "SWE"]

1. c4 c5 2. g3 g6 3. Bg2 Bg7 4. Nc3 Nc6 5. d3 d6 6. Bd2 e5 7. a3 a5 8. e3 Nge7 9. Nge2 0-0 10. 0-0 Rb8 11. Qc2 Be6 12. Nb5 Qd7 13. Rfe1 Rfc8 14. e4 f5 15. f3 b6 16. Rab1 Na7 17. Nec3 Nec6 18. Nxa7 Qxa7 19. Nb5 Qd7 20. b4 fxe4 21. fxe4 axb4 22. axb4 Nd4 23. Nxd4 cxd4 24. b5 Ra8 25. Rb2 Ra7 26. Ra2 Rxa2 27. Qxa2 Qxb5 28. Rb1 Qc6 29. Qb3 Ra8 30. h3 Ra6 31. Bg5 Qd7 32. Qb5 Qxb5 33. Rxb5 Bd7 34. Rb3 b5 1/2-1/2

[Event "Trieste op 18th"]
[Site "Trieste"]
[Date "2016.09.03"]
[Round "1"]
[White "Mazi, Leon"]
[Black "Danielsson, Robert"]
[Result "1-0"]
[WhiteElo "2349"]
[BlackElo "1967"]
[PlyCount "45"]
[EventDate "2016.09.03"]
[EventType "swiss"]
[EventRounds "9"]
[EventCountry "ITA"]
[SourceTitle "CBM 174 Extra"]
[Source "ChessBase"]
[SourceDate "2016.10.10"]
[SourceVersion "1"]
[SourceVersionDate "2016.10.10"]
[SourceQuality "1"]

1. e4 c5 2. Nf3 g6 3. d4 cxd4 4. Qxd4 Nf6 5. e5 Nc6 6. Qa4 Nd5 7. Qe4 Nc7 8. Bf4 Bg7 9. Nc3 b6 10. Qe3 h5 11. Bc4 Ne6 12. 0-0 Bb7 13. Rad1 Qc8 14. Rfe1 Na5 15. Bd5 Nc4 16. Qe4 Bxd5 17. Nxd5 Nxf4 18. Qxf4 Bh6 19. Qd4 Rg8 20. b3 Na5 21. Nf6+ Kf8 22. Nxg8 Kxg8 23. c4 1-0

[Event "Reykjavik op"]
[Site "Reykjavik"]
[Date "2016.03.11"]
[Round "5"]
[White "Danielsson, Robert"]
[Black "Koes, Richard"]
[Result "1-0"]
[WhiteElo "2011"]
[BlackElo "1840"]
[PlyCount "79"]
[EventDate "2016.03.08"]
[EventType "swiss"]
[EventRounds "10"]
[EventCountry "ISL"]
[SourceTitle "CBM 171 Extra"]
[Source "ChessBase"]
[SourceDate "2016.04.26"]
[SourceVersion "1"]
[SourceVersionDate "2016.04.26"]
[SourceQuality "1"]

1. Nf3 Nf6 2. c4 g6 3. g3 Bg7 4. Bg2 c5 5. 0-0 Nc6 6. d4 cxd4 7. Nxd4 0-0 8. Nc3 Nxd4 9. Qxd4 d6 10. Qd3 a5 11. Bd2 a4 12. Rab1 Nd7 13. Qc2 Nc5 14. b4 axb3 15. axb3 Bf5 16. e4 Bc8 17. Nd5 Ne6 18. Bc3 Bxc3 19. Qxc3 Ra2 20. Ra1 Rxa1 21. Rxa1 Nc7 22. Qd4 Ne6 23. Qe3 Nc7 24. Nb6 Be6 25. Rd1 Na6 26. e5 Nc5 27. Nd5 Bxd5 28. Bxd5 Qb6 29. exd6 exd6 30. Rb1 Qb4 31. Qe7 Nd3 32. Qe3 Nc5 33. Qd4 Re8 34. Qf6 Ne6 35. Qf3 b6 36. Ra1 Qd2 37. Ra7 Qe1+ 38. Kg2 f5 39. Qf4 Qe5 40. Qh6 1-0

[Event "Reykjavik op"]
[Site "Reykjavik"]
[Date "2016.03.08"]
[Round "1"]
[White "Danielsson, Robert"]
[Black "Marin, Mihail"]
[Result "0-1"]
[WhiteElo "2011"]
[BlackElo "2597"]
[PlyCount "106"]
[EventDate "2016.03.08"]
[EventType "swiss"]
[EventRounds "10"]
[EventCountry "ISL"]
[SourceTitle "CBM 171 Extra"]
[Source "ChessBase"]
[SourceDate "2016.04.26"]
[SourceVersion "1"]
[SourceVersionDate "2016.04.26"]
[SourceQuality "1"]

1. d4 Nf6 2. c4 g6 3. Nc3 Bg7 4. e4 d6 5. f3 0-0 6. Be3 Nbd7 7. Bd3 c5 8. Nge2 cxd4 9. Nxd4 Ne5 10. Be2 b6 11. 0-0 Bb7 12. Qd2 Rc8 13. b3 a6 14. Rac1 e6 15. Rfd1 Re8 16. Bf1 d5 17. exd5 exd5 18. Nxd5 Nxd5 19. cxd5 Rxc1 20. Qxc1 Qxd5 21. Be2 Ng4 22. Bc4 Qe5 23. fxg4 Qxe3+ 24. Qxe3 Rxe3 25. Kf2 Re7 26. Nf3 b5 27. Rd8+ Bf8 28. Bd5 Bxd5 29. Rxd5 Kg7 30. g5 Re6 31. Ne5 Be7 32. Nf3 Re4 33. Nd2 Rg4 34. h3 Rxg5 35. Rd7 Bc5+ 36. Kf3 Rf5+ 37. Ke4 Rf2 38. g4 Re2+ 39. Kf3 Re3+ 40. Kf4 Rxh3 41. Nf3 Kf6 42. Rxf7+ Kxf7 43. Ng5+ Kf6 44. Nxh3 h5 45. gxh5 gxh5 46. a4 b4 47. Ke4 a5 48. Nf4 h4 49. Nh3 Bd6 50. Nf2 Kg5 51. Kf3 Kf5 52. Nh3 Bc7 53. Nf2 Ke5 0-1

[Event "Gibraltar Masters 13th"]
[Site "Caleta"]
[Date "2015.02.05"]
[Round "10"]
[White "Rydstrom, Tom"]
[Black "Danielsson, Robert"]
[Result "1/2-1/2"]
[WhiteElo "2292"]
[BlackElo "2121"]
[PlyCount "112"]
[EventDate "2015.01.27"]
[EventType "swiss"]
[EventRounds "10"]
[EventCountry "GGB"]
[SourceTitle "CBM 165"]
[Source "ChessBase"]
[SourceDate "2015.03.11"]
[SourceVersion "1"]
[SourceVersionDate "2015.03.11"]
[SourceQuality "1"]

1. e4 c5 2. Nf3 g6 3. d4 cxd4 4. Nxd4 Bg7 5. Be3 Nf6 6. Nc3 Nc6 7. Bc4 Qa5 8. f3 Qb4 9. Nxc6 bxc6 10. Bb3 0-0 11. Qd2 Rd8 12. 0-0-0 d6 13. Kb1 Bd7 14. g4 a5 15. Na4 Qxd2 16. Rxd2 Be6 17. Nb6 Rab8 18. Bxe6 fxe6 19. c4 c5 20. Na4 Nd7 21. f4 Rdc8 22. g5 Nb6 23. Nxb6 Rxb6 24. h4 Rcb8 25. Rhh2 Rf8 26. Rhf2 Rb4 27. Rc2 Rb7 28. Rcd2 Rb4 29. Rc2 Rb7 30. Bc1 Bd4 31. Rf3 e5 32. f5 gxf5 33. exf5 e4 34. Rf4 e3 35. Re2 Rb4 36. Bxe3 Rxc4 37. Bxd4 Rxd4 38. Rxd4 cxd4 39. Rxe7 Rxf5 40. Rd7 d3 41. Kc1 Rf1+ 42. Kd2 Rf2+ 43. Kc3 Rc2+ 44. Kxd3 Rxb2 45. Rxd6 Rxa2 46. Ke3 Ra4 47. h5 Rg4 48. Rd5 a4 49. Kf3 Rb4 50. Ra5 Rc4 51. h6 Rb4 52. Ra8+ Kf7 53. Rh8 Kg6 54. Rg8+ Kh5 55. g6 Kxh6 56. gxh7 Kxh7 1/2-1/2

[Event "Gibraltar Masters 13th"]
[Site "Caleta"]
[Date "2015.02.04"]
[Round "9"]
[White "Danielsson, Robert"]
[Black "Henderson de la Fuente, Lance"]
[Result "1-0"]
[WhiteElo "2121"]
[BlackElo "2014"]
[PlyCount "89"]
[EventDate "2015.01.27"]
[EventType "swiss"]
[EventRounds "10"]
[EventCountry "GGB"]
[SourceTitle "CBM 165"]
[Source "ChessBase"]
[SourceDate "2015.03.11"]
[SourceVersion "1"]
[SourceVersionDate "2015.03.11"]
[SourceQuality "1"]

1. d4 Nf6 2. c4 e6 3. Nc3 b6 4. e4 Bb4 5. Qc2 Bb7 6. Bd3 c5 7. d5 exd5 8. cxd5 0-0 9. Nge2 d6 10. 0-0 Nbd7 11. a3 Bxc3 12. bxc3 Re8 13. c4 Ne5 14. Ng3 Nfg4 15. Bb2 Qh4 16. h3 Ne3 17. fxe3 Qxg3 18. Rae1 Nf3+ 19. Rxf3 Qxe1+ 20. Kh2 Qh4 21. Rg3 g6 22. Qf2 Qe7 23. Bf6 Qf8 24. Rg4 h5 25. Rh4 Qh6 26. g4 Bc8 27. g5 Qh7 28. Qg3 Re5 29. Bxe5 dxe5 30. Qxe5 Bd7 31. Rf4 Qg7 32. Rf6 Qf8 33. Qf4 Re8 34. e5 Rd8 35. Bb1 Ba4 36. e6 Qg7 37. exf7+ Kf8 38. Rxg6 Qb2+ 39. Kg3 h4+ 40. Kxh4 Qh8+ 41. Kg3 Qc3 42. Rg8+ Ke7 43. f8Q+ Rxf8 44. Qxf8+ Kd7 45. Qd8# 1-0

[Event "Gibraltar Masters 13th"]
[Site "Caleta"]
[Date "2015.02.01"]
[Round "6"]
[White "Danielsson, Robert"]
[Black "Burke, Mitchell R"]
[Result "1/2-1/2"]
[WhiteElo "2121"]
[BlackElo "1928"]
[PlyCount "60"]
[EventDate "2015.01.27"]
[EventType "swiss"]
[EventRounds "10"]
[EventCountry "GGB"]
[SourceTitle "CBM 165"]
[Source "ChessBase"]
[SourceDate "2015.03.11"]
[SourceVersion "1"]
[SourceVersionDate "2015.03.11"]
[SourceQuality "1"]

1. d4 Nf6 2. c4 g6 3. Nc3 Bg7 4. e4 d6 5. f3 0-0 6. Be3 e5 7. d5 Nh5 8. Qd2 f5 9. 0-0-0 a6 10. Bd3 Nf6 11. Kb1 Qe8 12. Rc1 b6 13. Nge2 f4 14. Bf2 Nbd7 15. Bc2 g5 16. Ba4 Rb8 17. Rc2 g4 18. Nc1 Qh5 19. Qd1 Nc5 20. Bc6 Nb7 21. Bxb7 Rxb7 22. Nd3 gxf3 23. gxf3 Bh3 24. Ne1 Nd7 25. b4 Rf6 26. Ka1 Bf8 27. c5 dxc5 28. bxc5 Bxc5 29. Bxc5 Nxc5 30. Nd3 Nxd3 1/2-1/2

[Event "Gibraltar Masters 13th"]
[Site "Caleta"]
[Date "2015.01.31"]
[Round "5"]
[White "Lobersli, Henrik Oie"]
[Black "Danielsson, Robert"]
[Result "1/2-1/2"]
[WhiteElo "1957"]
[BlackElo "2121"]
[PlyCount "70"]
[EventDate "2015.01.27"]
[EventType "swiss"]
[EventRounds "10"]
[EventCountry "GGB"]
[SourceTitle "CBM 165"]
[Source "ChessBase"]
[SourceDate "2015.03.11"]
[SourceVersion "1"]
[SourceVersionDate "2015.03.11"]
[SourceQuality "1"]

1. d4 Nf6 2. c4 g6 3. Nc3 d5 4. Nf3 Bg7 5. cxd5 Nxd5 6. Bg5 Nxc3 7. bxc3 c5 8. e3 0-0 9. Be2 Nc6 10. 0-0 h6 11. Bh4 Re8 12. Rb1 cxd4 13. cxd4 Qa5 14. Qb3 b6 15. Rfd1 Ba6 16. Bxa6 Qxa6 17. Bg3 Na5 18. Qa3 Rac8 19. Rbc1 Qb7 20. h3 e6 21. Rxc8 Rxc8 22. Rc1 Rxc1+ 23. Qxc1 Qc6 24. Qxc6 Nxc6 25. a4 Kf8 26. Kf1 Ke7 27. Ke2 Kd7 28. Kd3 Bf8 29. Kc4 a6 30. e4 f6 31. Nd2 Bd6 32. Bxd6 Kxd6 33. Nf1 b5+ 34. axb5 axb5+ 35. Kxb5 Nxd4+ 1/2-1/2

[Event "Gibraltar Masters 13th"]
[Site "Caleta"]
[Date "2015.01.29"]
[Round "3"]
[White "Zude, Arno"]
[Black "Danielsson, Robert"]
[Result "1-0"]
[WhiteElo "2377"]
[BlackElo "2121"]
[PlyCount "77"]
[EventDate "2015.01.27"]
[EventType "swiss"]
[EventRounds "10"]
[EventCountry "GGB"]
[SourceTitle "CBM 165"]
[Source "ChessBase"]
[SourceDate "2015.03.11"]
[SourceVersion "1"]
[SourceVersionDate "2015.03.11"]
[SourceQuality "1"]

1. e4 c5 2. Nf3 g6 3. d4 cxd4 4. Nxd4 Bg7 5. c4 Nc6 6. Be3 Nf6 7. Nc3 d6 8. Be2 0-0 9. f3 Qb6 10. Nxc6 Qxc6 11. 0-0 a5 12. Qd2 Nd7 13. b3 Nc5 14. Rab1 Be6 15. Rfe1 Rfc8 16. Bf1 Qe8 17. Rbc1 h5 18. Bg5 Kh7 19. Nd5 Bxd5 20. exd5 f6 21. Be3 Qf8 22. Bxc5 Rxc5 23. Re6 f5 24. Rce1 Bf6 25. g4 hxg4 26. fxg4 fxg4 27. Qf4 Rc7 28. Qxg4 Qh6 29. R1e3 Kg7 30. Rh3 Qg5 31. Qxg5 Bxg5 32. Bd3 Bf6 33. Rg3 g5 34. h4 Rh8 35. hxg5 Be5 36. Rf3 Rh5 37. Rg6+ Kh8 38. Rf8+ Kh7 39. Rgg8# 1-0

[Event "EU-ch Seniors 65 14th"]
[Site "Porto"]
[Date "2014.03.14"]
[Round "6"]
[White "Danielsson, Robert"]
[Black "Thjomoe, Hans Richard"]
[Result "1-0"]
[WhiteElo "2064"]
[BlackElo "1868"]
[PlyCount "49"]
[EventDate "2014.03.09"]
[EventType "swiss"]
[EventRounds "9"]
[EventCountry "POR"]
[SourceTitle "CBM 159 Extra"]
[Source "ChessBase"]
[SourceDate "2014.04.24"]
[SourceVersion "1"]
[SourceVersionDate "2014.04.24"]
[SourceQuality "1"]

1. d4 f5 2. Nf3 Nf6 3. g3 e6 4. Bg2 Be7 5. 0-0 0-0 6. c4 d6 7. Nc3 a5 8. Re1 Ne4 9. Qc2 Nxc3 10. Qxc3 Qe8 11. b3 Qg6 12. Bb2 Nd7 13. Qc2 Nf6 14. Nd2 Qh6 15. e4 f4 16. Nf3 fxg3 17. fxg3 e5 18. Qc1 Qxc1 19. Raxc1 exd4 20. Bxd4 Bd7 21. e5 Ng4 22. exd6 Bxd6 23. c5 Bc6 24. cxd6 Bxf3 25. Rxc7 1-0

[Event "EU-ch Seniors 65 14th"]
[Site "Porto"]
[Date "2014.03.09"]
[Round "1"]
[White "Butnorius, Algimantas"]
[Black "Danielsson, Robert"]
[Result "1-0"]
[WhiteElo "2378"]
[BlackElo "2064"]
[PlyCount "65"]
[EventDate "2014.03.09"]
[EventType "swiss"]
[EventRounds "9"]
[EventCountry "POR"]
[SourceTitle "CBM 159 Extra"]
[Source "ChessBase"]
[SourceDate "2014.04.24"]
[SourceVersion "1"]
[SourceVersionDate "2014.04.24"]
[SourceQuality "1"]

1. d4 Nf6 2. Nf3 g6 3. c4 Bg7 4. g3 c6 5. Bg2 0-0 6. 0-0 d5 7. Nbd2 Bf5 8. b3 Nbd7 9. Bb2 Ne4 10. Nh4 Ndf6 11. Nxf5 gxf5 12. Nf3 Nd7 13. Qc2 dxc4 14. bxc4 Qa5 15. Rfd1 Rfd8 16. e3 Rac8 17. a4 e6 18. Ne1 Nef6 19. Bc3 Qc7 20. Rab1 b6 21. Ba1 Ne8 22. e4 fxe4 23. Qxe4 Nef6 24. Qh4 e5 25. Nf3 exd4 26. Nxd4 Ne5 27. Nf5 Rxd1+ 28. Rxd1 Ng6 29. Qg5 Rd8 30. Re1 h6 31. Nxh6+ Bxh6 32. Qxf6 c5 33. Bd5 1-0

[Event "Wch Seniors 23rd"]
[Site "Opatija"]
[Date "2013.11.23"]
[Round "11"]
[White "Masich, Vladimir"]
[Black "Danielsson, Robert"]
[Result "0-1"]
[WhiteElo "1931"]
[BlackElo "2098"]
[PlyCount "88"]
[EventDate "2013.11.12"]
[EventType "swiss"]
[EventRounds "11"]
[EventCountry "CRO"]
[SourceTitle "CBM 157 Extra"]
[Source "ChessBase"]
[SourceDate "2013.12.19"]
[SourceVersion "1"]
[SourceVersionDate "2013.12.19"]
[SourceQuality "1"]

1. e4 c5 2. Nc3 g6 3. f4 Bg7 4. Nf3 Nc6 5. Bc4 e6 6. 0-0 Nge7 7. e5 d5 8. exd6 Qxd6 9. d3 b6 10. Ne4 Qc7 11. c3 0-0 12. Qe1 h6 13. a3 Bb7 14. Nf2 Na5 15. Ng4 Rad8 16. Ba2 Bd5 17. c4 Bb7 18. Qd1 Bxf3 19. Rxf3 Nac6 20. Rh3 Nf5 21. Rb1 h5 22. Ne3 Ncd4 23. Nxf5 Nxf5 24. b4 Rd6 25. Rb3 Rfd8 26. Bb2 Bxb2 27. Rxb2 Rd4 28. Rf2 Rxf4 29. Rxf4 Qxf4 30. Rf3 Qd4+ 31. Kh1 Ne3 32. Qe1 Nf5 33. Bb1 Qb2 34. bxc5 bxc5 35. Rf2 Qxa3 36. Ra2 Qb3 37. Rxa7 Rb8 38. Ra1 Qb2 39. Ba2 Ra8 40. h3 Rxa2 41. Rxa2 Qxa2 42. Qe5 Qb1+ 43. Kh2 Qxd3 44. Qxc5 Qd6+ 0-1

[Event "Wch Seniors 23rd"]
[Site "Opatija"]
[Date "2013.11.18"]
[Round "6"]
[White "Danielsson, Robert"]
[Black "Hocevar, Nikola"]
[Result "1-0"]
[WhiteElo "2098"]
[BlackElo "1996"]
[PlyCount "111"]
[EventDate "2013.11.12"]
[EventType "swiss"]
[EventRounds "11"]
[EventCountry "CRO"]
[SourceTitle "CBM 157 Extra"]
[Source "ChessBase"]
[SourceDate "2013.12.19"]
[SourceVersion "1"]
[SourceVersionDate "2013.12.19"]
[SourceQuality "1"]

1. d4 d5 2. c4 c6 3. Nf3 Nf6 4. Qc2 g6 5. Bf4 Bg7 6. e3 Bf5 7. Qb3 Qb6 8. c5 Qxb3 9. axb3 Nbd7 10. Nc3 0-0 11. h3 h6 12. b4 a6 13. Be2 Be4 14. Rg1 g5 15. Bh2 Bg6 16. Nd2 Ne4 17. Ncxe4 dxe4 18. Nc4 f5 19. Rf1 Bf7 20. Kd2 Bd5 21. Kc3 Kh7 22. Na5 b6 23. cxb6 Nxb6 24. Bc7 Nd7 25. Nc4 Rfc8 26. Nb6 Nxb6 27. Bxb6 e5 28. Rxa6 Rxa6 29. Bxa6 Ra8 30. Bc4 Bxc4 31. Kxc4 exd4 32. Bxd4 f4 33. Bxg7 Kxg7 34. Rd1 Ra2 35. Rd2 h5 36. Kc5 Ra6 37. b5 cxb5 38. Kxb5 Rf6 39. b4 h4 40. exf4 gxf4 41. Re2 Re6 42. Kc5 Kf6 43. b5 Ke5 44. b6 Re7 45. Rb2 Rb7 46. Kc6 Rb8 47. b7 e3 48. fxe3 fxe3 49. Kc7 Rxb7+ 50. Kxb7 Kd4 51. Kc6 Kd3 52. Kd5 e2 53. Rxe2 Kxe2 54. Ke4 Kf2 55. Kf4 Kxg2 56. Kg4 1-0

[Event "EU-chT Seniors 15th"]
[Site "Dresden"]
[Date "2013.07.25"]
[Round "6"]
[White "Morant, Paul"]
[Black "Danielsson, Robert"]
[Result "1-0"]
[WhiteElo "2166"]
[BlackElo "2071"]
[PlyCount "101"]
[EventDate "2013.07.20"]
[EventType "team-swiss"]
[EventRounds "9"]
[EventCountry "GER"]
[SourceTitle "CBM 155 Extra"]
[Source "ChessBase"]
[SourceDate "2013.08.26"]
[SourceVersion "1"]
[SourceVersionDate "2013.08.26"]
[SourceQuality "1"]
[WhiteTeam "Finland"]
[BlackTeam "Sweden III"]
[WhiteTeamCountry "FIN"]
[BlackTeamCountry "SWE"]

1. e4 c5 2. Nf3 Nc6 3. d4 cxd4 4. Nxd4 g6 5. Nc3 Bg7 6. Be3 Nf6 7. Be2 0-0 8. 0-0 d5 9. exd5 Nxd5 10. Nxd5 Qxd5 11. Bf3 Qa5 12. Nxc6 bxc6 13. Qc1 Rb8 14. c3 c5 15. Re1 Qc7 16. Bg5 Re8 17. Bd5 Ba6 18. Bf4 e5 19. Bg5 Bb7 20. Rd1 Bxd5 21. Rxd5 Qb7 22. Rd2 f5 23. Qf1 Qb5 24. c4 Qc6 25. Rad1 Bf8 26. Bd8 e4 27. b3 Bg7 28. Rd6 Qc8 29. Bf6 Bxf6 30. Rxf6 Qc7 31. Rd5 e3 32. fxe3 Rxe3 33. Rfd6 Rbe8 34. Rd1 Qa5 35. R6d2 Qc3 36. Rd3 Qe5 37. Rxe3 Qxe3+ 38. Qf2 Qxf2+ 39. Kxf2 Re7 40. Rd8+ Kf7 41. Rc8 Ke6 42. Rxc5 Kd6 43. Rb5 Kc6 44. a4 Kd6 45. a5 a6 46. Rb6+ Kc5 47. Rxa6 Kb4 48. Rb6+ Kxa5 49. c5 Rc7 50. b4+ Ka4 51. c6 1-0

[Event "EU-chT Seniors 15th"]
[Site "Dresden"]
[Date "2013.07.21"]
[Round "2"]
[White "Thygesen, Else MS"]
[Black "Danielsson, Robert"]
[Result "0-1"]
[WhiteElo "2105"]
[BlackElo "2071"]
[PlyCount "74"]
[EventDate "2013.07.20"]
[EventType "team-swiss"]
[EventRounds "9"]
[EventCountry "GER"]
[SourceTitle "CBM 155 Extra"]
[Source "ChessBase"]
[SourceDate "2013.08.26"]
[SourceVersion "1"]
[SourceVersionDate "2013.08.26"]
[SourceQuality "1"]
[WhiteTeam "Denmark II"]
[BlackTeam "Sweden III"]
[WhiteTeamCountry "DEN"]
[BlackTeamCountry "SWE"]

1. d4 Nf6 2. c4 g6 3. Nc3 d5 4. Nf3 Bg7 5. e3 0-0 6. Bd3 c5 7. 0-0 cxd4 8. exd4 Nc6 9. Be3 b6 10. cxd5 Nb4 11. Ne5 Nbxd5 12. Bc4 Bb7 13. Qb3 h6 14. Rac1 e6 15. Qc2 Rc8 16. Bd3 Nb4 17. Qd2 Nxd3 18. Qxd3 Qe7 19. h4 Rfd8 20. Qe2 Kh7 21. g4 Nd7 22. g5 Nxe5 23. dxe5 Bxe5 24. f4 Bg7 25. h5 Qd6 26. hxg6+ fxg6 27. gxh6 Bd4 28. Rcd1 Bxe3+ 29. Qxe3 Qc6 30. Qg3 Qc5+ 31. Kh2 Qf5 32. Qg5 Rxd1 33. Rxd1 Rc7 34. Qd8 Qxf4+ 35. Kg1 Qg3+ 36. Kf1 Rf7+ 37. Ke2 Rf2+ 0-1